Guión para charla, tema: la situación actual y nuestras tareas

Đã lưu trong:
Chi tiết về thư mục
Tác giả của công ty: Partido Comunista de El Salvador
Định dạng: Texto
Được phát hành: San Salvador: El Partido
Các nhãn: Thêm thẻ
Không có thẻ, Là người đầu tiên thẻ bản ghi này!

MARC

LEADER 00000 a a2200000 04500
001 16590
003
040
090 |a EXTRAVIADO  
110 |a Partido Comunista de El Salvador  
245 |a Guión para charla, tema: la situación actual y nuestras tareas  
260 |a San Salvador:   |b El Partido  
300 |a 14 p.  
999 |c 9310  |d 9310